[Event "Rated Blitz game"]
[Site "?"]
[Date "2021.11.13"]
[Round "?"]
[White "ElhachaGM"]
[Black "King_bg03"]
[Result "0-1"]
[WhiteElo "2701"]
[BlackElo "2727"]
[PlyCount "86"]
[EventDate "2021.??.??"]
[EventType "blitz"]

1. e4 e5 2. Nf3 d5 3. exd5 e4 4. Qe2 Qe7 5. Nd4 Nf6 6. Nc3 Nbd7 7. d3 exd3 8.
Qxe7+ Bxe7 9. Bxd3 Nb6 10. Bb5+ Bd7 11. Nf5 Bb4 12. Nxg7+ Kf8 13. Bxd7 Kxg7 14.
Bb5 Nbxd5 15. O-O Nxc3 16. bxc3 Bxc3 17. Rb1 a6 18. Bd3 b5 19. Be3 Nd5 20. Bc5
Rhe8 21. g3 Re6 22. Rfd1 Rd8 23. Bf1 Bf6 24. c4 Rc6 25. Bd4 bxc4 26. Bxf6+ Kxf6
27. Rbc1 c3 28. Bg2 Ke5 29. Rd3 Rc5 30. Bxd5 Rdxd5 31. Rdxc3 Rxc3 32. Rxc3 c5
33. Ra3 Rd1+ 34. Kg2 Ke4 35. Rxa6 c4 36. Rc6 Kd3 37. Rd6+ Kc2 38. Rc6 c3 39.
Rc7 Rd4 40. Kf3 Kd3 41. Rxf7 c2 42. Rc7 Rc4 43. Rd7+ Kc3 {Normal} 0-1

[Event "Rated Blitz game"]
[Site "?"]
[Date "2021.11.13"]
[Round "?"]
[White "Mamikon_Gharibyan"]
[Black "King_bg03"]
[Result "0-1"]
[WhiteElo "2792"]
[BlackElo "2734"]
[PlyCount "22"]
[EventDate "2021.??.??"]
[EventType "blitz"]

1. e4 e5 2. Nf3 d5 3. Qe2 dxe4 4. Qxe4 Bd6 5. Nxe5 Qe7 6. d4 f6 7. Nc3 fxe5 8.
Nd5 Qe6 9. Bc4 Qf5 10. Qxf5 Bxf5 11. O-O exd4 {Normal} 0-1

[Event "Rated Blitz game"]
[Site "?"]
[Date "2021.11.13"]
[Round "?"]
[White "LoveNewUniverse"]
[Black "Fantastic_power06"]
[Result "1-0"]
[WhiteElo "2743"]
[BlackElo "2807"]
[PlyCount "59"]
[EventDate "2021.??.??"]
[EventType "blitz"]

1. e4 e5 2. Nf3 d5 3. exd5 e4 4. Ne5 Qxd5 5. d4 exd3 6. Nxd3 Nf6 7. Nc3 Qf5 8.
g3 Nc6 9. Bg2 Be6 10. O-O Bd6 11. a4 O-O 12. Nb5 Rad8 13. Nxd6 Rxd6 14. Bf4 Rd7
15. Qe2 Nd4 16. Qd2 Bd5 17. f3 Bc4 18. Rfd1 Re8 19. Kh1 Re2 20. Qb4 Nxc2 21.
Qxc4 Nxa1 22. Bf1 Rc2 23. Qb4 Nd5 24. Qxb7 g5 25. Qc8+ Kg7 26. Ne5 gxf4 27.
Nxd7 Ne3 28. Qf8+ Kg6 29. Bd3 Qxd3 30. Ne5+ {Normal} 1-0

[Event "Rated Blitz game"]
[Site "?"]
[Date "2021.11.13"]
[Round "?"]
[White "Miguel-Carlsen"]
[Black "jeruchess"]
[Result "0-1"]
[WhiteElo "2272"]
[BlackElo "2404"]
[PlyCount "90"]
[EventDate "2021.??.??"]
[EventType "blitz"]

1. e4 e5 2. Nf3 d5 3. Nxe5 Bd6 4. Nxf7 Kxf7 5. Qh5+ g6 6. Qxd5+ Kg7 7. b3 Nf6
8. Bb2 Re8 9. Na3 c6 10. Qd3 b5 11. O-O-O Qe7 12. Nb1 Be5 13. Nc3 Nbd7 14. g3
Nc5 15. Qe2 a5 16. Bg2 b4 17. Nb1 Bxb2+ 18. Kxb2 Ne6 19. f4 a4 20. e5 Nd5 21.
Qc4 axb3 22. cxb3 Qa7 23. a4 bxa3+ 24. Ka1 Bd7 25. Bxd5 cxd5 26. Qxd5 Qd4+ 27.
Qxd4 Nxd4 28. Nc3 Nxb3+ 29. Ka2 Be6 30. f5 Bc4 31. d3 Nc1+ 32. Kb1 Nxd3 33. f6+
Kf7 34. Ne4 Rab8+ 35. Ka1 Ke6 36. Nd6 Rec8 37. Nxc4 Rxc4 38. Rxd3 Rc2 39. Rhd1
Rbb2 40. R3d2 Rxd2 41. Rxd2 Rxd2 42. Kb1 Rf2 43. Ka1 Kxe5 44. f7 Rxf7 45. Ka2
Rf2+ {Time forfeit} 0-1

[Event "Rated Blitz game"]
[Site "?"]
[Date "2021.11.13"]
[Round "?"]
[White "Bunk_Moreland"]
[Black "Razario90"]
[Result "1-0"]
[WhiteElo "2571"]
[BlackElo "2443"]
[PlyCount "79"]
[EventDate "2021.??.??"]
[EventType "blitz"]

1. e4 e5 2. Nf3 d5 3. Nxe5 Bd6 4. d4 dxe4 5. Bc4 Bxe5 6. dxe5 Qxd1+ 7. Kxd1 Nc6
8. Bf4 Nge7 9. Nd2 Ng6 10. Bg3 Ncxe5 11. Re1 Nxc4 12. Nxc4 Bg4+ 13. f3 O-O-O+
14. Ke2 exf3+ 15. gxf3 Rhe8+ 16. Kf2 Be6 17. Ne3 f5 18. Ng2 Rd2+ 19. Re2 Rxe2+
20. Kxe2 Bc4+ 21. Kf2 Re2+ 22. Kg1 Rxc2 23. Ne3 Rxb2 24. Nxc4 Rc2 25. Ne3 Re2
26. Nxf5 h5 27. h4 Rc2 28. a4 c5 29. Nxg7 c4 30. Nxh5 b6 31. Nf4 Ne5 32. Nd5
Nxf3+ 33. Kf1 Nd2+ 34. Ke1 Ne4 35. Bf4 Kd7 36. h5 Kc6 37. Ne3 Rc3 38. h6 Nf6
39. Be5 Nh7 40. Bxc3 {Normal} 1-0

[Event "Rated Blitz game"]
[Site "?"]
[Date "2021.11.13"]
[Round "?"]
[White "Ookkii6"]
[Black "alaeldin1212"]
[Result "1-0"]
[WhiteElo "2445"]
[BlackElo "2370"]
[PlyCount "67"]
[EventDate "2021.??.??"]
[EventType "blitz"]

1. e4 e5 2. Nf3 d5 3. exd5 e4 4. Qe2 Nf6 5. d3 Qxd5 6. Nbd2 Be7 7. Nxe4 O-O 8.
g3 Bg4 9. Bg2 Nc6 10. O-O Rfe8 11. h3 Nd4 12. Qd1 Nxf3+ 13. Bxf3 Bxf3 14. Qxf3
Nxe4 15. Qxe4 Qxe4 16. dxe4 Bc5 17. Re1 Rad8 18. Be3 Bxe3 19. Rxe3 Rd2 20. Rc1
f6 21. Kf1 c5 22. Rd3 Rd8 23. Rxd8+ Rxd8 24. Ke2 Kf7 25. Rd1 Re8 26. Rd7+ Re7
27. Rxe7+ Kxe7 28. f4 Kd6 29. Kd3 b5 30. g4 a5 31. c3 a4 32. b4 c4+ 33. Kd4 Kc6
34. e5 {Normal} 1-0

[Event "Rated Blitz game"]
[Site "?"]
[Date "2021.11.13"]
[Round "?"]
[White "zaguer"]
[Black "King_bg03"]
[Result "0-1"]
[WhiteElo "2609"]
[BlackElo "2718"]
[PlyCount "79"]
[EventDate "2021.??.??"]
[EventType "blitz"]

1. e4 e5 2. Nf3 d5 3. exd5 e4 4. Qe2 Qe7 5. Nd4 Nf6 6. Nc3 Nbd7 7. d3 exd3 8.
Qxe7+ Bxe7 9. Bxd3 Nb6 10. Bg5 Nfxd5 11. Nxd5 Nxd5 12. Bxe7 Kxe7 13. O-O-O Rd8
14. Rhe1+ Kf8 15. c3 Nf6 16. Bc2 Bd7 17. f3 g6 18. Rd2 c5 19. Nb3 b6 20. Red1
Rac8 21. Kb1 Ke7 22. Nc1 Be6 23. Rxd8 Rxd8 24. Rxd8 Kxd8 25. Bb3 c4 26. Bc2 Nd5
27. Ne2 Ne3 28. Nf4 Ke7 29. h4 Bf5 30. Bxf5 Nxf5 31. h5 Kf6 32. hxg6 hxg6 33.
Kc1 Ke5 34. Nh3 Nh4 35. f4+ Kf5 36. g3 Kg4 37. gxh4 Kxh3 38. f5 Kxh4 39. fxg6
fxg6 40. Kd2 {Normal} 0-1

[Event "Rated Blitz game"]
[Site "?"]
[Date "2021.11.13"]
[Round "?"]
[White "Dog_Stalemate"]
[Black "Dungar"]
[Result "1-0"]
[WhiteElo "2511"]
[BlackElo "2536"]
[PlyCount "123"]
[EventDate "2021.??.??"]
[EventType "blitz"]

1. e4 e5 2. Nf3 d5 3. Nxe5 Bd6 4. d4 Nf6 5. exd5 O-O 6. Bd3 Re8 7. O-O Bxe5 8.
dxe5 Rxe5 9. c4 Bg4 10. Qc2 Nbd7 11. Bf4 Re8 12. Nc3 Nc5 13. Bf5 Bxf5 14. Qxf5
Qc8 15. Qxc8 Raxc8 16. Be3 Nd3 17. b3 Ng4 18. Bd4 Nf4 19. h3 Nh6 20. Rfe1 Nf5
21. Be3 Nxe3 22. Rxe3 Rxe3 23. fxe3 Ng6 24. e4 Ne5 25. Kf2 f6 26. Ke3 Kf7 27.
Kd4 b6 28. b4 a6 29. c5 Ke7 30. a4 g5 31. Rf1 h5 32. Rb1 Rd8 33. b5 a5 34. d6+
Ke6 35. Ke3 cxd6 36. cxb6 Nc4+ 37. Kd4 Nxb6 38. Nd5 Nxd5 39. exd5+ Kf5 40. Rf1+
Kg6 41. Re1 g4 42. h4 Kf5 43. Rf1+ Kg6 44. g3 Rc8 45. Rb1 f5 46. b6 Kf6 47. b7
Rb8 48. Rb6 Ke7 49. Ke3 Kd7 50. Kf4 Kc7 51. Rb5 Rxb7 52. Rxb7+ Kxb7 53. Kxf5
Kb6 54. Kg5 Kc5 55. Kxh5 Kxd5 56. Kg6 Kc4 57. h5 d5 58. h6 d4 59. h7 d3 60.
h8=Q d2 61. Qa1 Kd3 62. Qd1 {Normal} 1-0

[Event "Rated Blitz game"]
[Site "?"]
[Date "2021.11.13"]
[Round "?"]
[White "Partake"]
[Black "Fantastic_power06"]
[Result "0-1"]
[WhiteElo "2631"]
[BlackElo "2822"]
[PlyCount "120"]
[EventDate "2021.??.??"]
[EventType "blitz"]

1. e4 e5 2. Nf3 d5 3. Nc3 dxe4 4. Nxe5 Qd4 5. Nc4 Bc5 6. Qe2 Nf6 7. d3 Bb4 8.
Bd2 O-O 9. a3 exd3 10. Qxd3 Re8+ 11. Ne3 Bc5 12. O-O-O Nc6 13. Nb5 Qxd3 14.
Bxd3 Bb6 15. Nc4 Re7 16. Rhe1 Be6 17. Nxb6 axb6 18. Bg5 h6 19. Bxf6 gxf6 20. f4
Rae8 21. f5 Bc8 22. Rxe7 Rxe7 23. Rf1 Ne5 24. Be2 Kg7 25. a4 Rd7 26. b3 c6 27.
Nc3 Rd4 28. h3 Kf8 29. Rf2 Ke7 30. Bh5 Bd7 31. Ne2 Rd6 32. Nc3 b5 33. axb5 cxb5
34. Ne4 Ra6 35. Kb2 Bc6 36. Nc5 Ra8 37. Re2 Kd6 38. Ne4+ Ke7 39. Nc3 b4 40. Ne4
Rd8 41. Nd2 Bb5 42. Rf2 Kd6 43. Ne4+ Ke7 44. Nd2 b6 45. Ne4 Bd3 46. cxd3 Nxd3+
47. Kc2 Nxf2 48. Nxf2 Rg8 49. Bf3 Rc8+ 50. Kb2 h5 51. Ne4 h4 52. Nd2 Rd8 53.
Nc4 b5 54. Ne3 Rd2+ 55. Kc1 Rd3 56. Nc2 Rxb3 57. Nd4 Rc3+ 58. Kb2 Rc4 59. Nxb5
Rf4 60. Kb3 Rxf5 {Time forfeit} 0-1

[Event "Rated Blitz game"]
[Site "?"]
[Date "2021.11.13"]
[Round "?"]
[White "Shaginyan_A"]
[Black "Gillamenace"]
[Result "1-0"]
[WhiteElo "2439"]
[BlackElo "2375"]
[PlyCount "37"]
[EventDate "2021.??.??"]
[EventType "blitz"]

1. e4 e5 2. Nf3 d5 3. Nxe5 Bd6 4. d4 c5 5. Bb5+ Bd7 6. Nxd7 Nxd7 7. dxc5 Bxc5
8. Bxd7+ Qxd7 9. Qxd5 Qxd5 10. exd5 O-O-O 11. Nc3 Bb4 12. Bd2 Nf6 13. O-O-O
Rhe8 14. Rhe1 Rxe1 15. Rxe1 g6 16. Re7 Nxd5 17. Rxf7 Bxc3 18. Bxc3 Nxc3 19.
bxc3 {Normal} 1-0

[Event "Rated Blitz game"]
[Site "?"]
[Date "2021.11.13"]
[Round "?"]
[White "TornadoTaktiker"]
[Black "Tintyn"]
[Result "1-0"]
[WhiteElo "2433"]
[BlackElo "2432"]
[PlyCount "71"]
[EventDate "2021.??.??"]
[EventType "blitz"]

1. e4 e5 2. Nf3 d5 3. Nxe5 Bd6 4. d4 dxe4 5. Nc3 Nf6 6. Nc4 O-O 7. Be3 Nc6 8.
Be2 Re8 9. d5 Ne5 10. Nxd6 Qxd6 11. Qd4 Bd7 12. Rd1 a6 13. h3 Ng6 14. O-O Nf4
15. Rfe1 Rad8 16. Bf1 Bc8 17. Bc4 b5 18. Bb3 h5 19. Bxf4 Qxf4 20. Qe3 Qf5 21.
Rd4 Qg6 22. Nxe4 Nxe4 23. Rxe4 Rxe4 24. Qxe4 Bf5 25. Qe7 Rd6 26. Qxc7 Bxh3 27.
g3 h4 28. Re8+ Kh7 29. Qb8 Qf5 30. Qxd6 Qf3 31. Rh8+ Kxh8 32. Qd8+ Kh7 33.
Qxh4+ Kg8 34. Qxh3 Qd1+ 35. Qf1 a5 36. Qxd1 {Normal} 1-0

[Event "Rated Blitz game"]
[Site "?"]
[Date "2021.11.13"]
[Round "?"]
[White "Voat"]
[Black "Roberto_Baggio1978"]
[Result "1-0"]
[WhiteElo "2720"]
[BlackElo "2548"]
[PlyCount "39"]
[EventDate "2021.??.??"]
[EventType "blitz"]

1. e4 e5 2. Nf3 d5 3. exd5 e4 4. Qe2 Nf6 5. d3 Qxd5 6. Nbd2 Be7 7. Nxe4 O-O 8.
g3 c5 9. Bg2 Nc6 10. O-O Bg4 11. c3 Rad8 12. h3 Bh5 13. g4 Bg6 14. Ne1 Qd7 15.
f4 Bxe4 16. dxe4 Rfe8 17. g5 Nxe4 18. Bxe4 f5 19. Bg2 Bxg5 20. Qc4+ {Normal}
1-0

[Event "Rated Blitz tournament wQZHBmb0"]
[Site "?"]
[Date "2021.11.13"]
[Round "?"]
[White "BakhtiyorDjumaev"]
[Black "dr_xStranger"]
[Result "0-1"]
[WhiteElo "2296"]
[BlackElo "2638"]
[PlyCount "84"]
[EventDate "2021.??.??"]
[EventType "blitz"]

1. e4 e5 2. Nf3 d5 3. exd5 e4 4. Nd4 Qxd5 5. Nb3 Nf6 6. Nc3 Qe5 7. Be2 Bd6 8.
d4 exd3 9. Qxd3 Nc6 10. g3 Bf5 11. Qb5 O-O-O 12. Qxe5 Bxe5 13. O-O Rhe8 14. Bf3
Bxc2 15. Nc5 Bd4 16. Nb3 Bxb3 17. axb3 Bb6 18. Bg5 Nd4 19. Bg2 h6 20. Bf4 Ne2+
21. Nxe2 Rxe2 22. Rad1 Bxf2+ 23. Kh1 Rxd1 24. Rxd1 b6 25. Bf1 Re1 26. Rxe1 Bxe1
27. Bc4 g5 28. Bc1 Ne4 29. Bxf7 Bd2 30. Bxd2 Nxd2 31. Bd5 c5 32. Kg2 Kc7 33.
Kf2 Kd6 34. Bg8 Ke5 35. Ke3 Nf1+ 36. Kf2 Nxh2 37. Bf7 Ng4+ 38. Kf3 Nf6 39. Ke3
Nd5+ 40. Kd3 b5 41. Be8 a6 42. Bc6 Nb4+ {Normal} 0-1

[Event "Rated Blitz game"]
[Site "?"]
[Date "2021.11.13"]
[Round "?"]
[White "kirill_kopyonkin"]
[Black "King_bg03"]
[Result "1-0"]
[WhiteElo "2660"]
[BlackElo "2715"]
[PlyCount "89"]
[EventDate "2021.??.??"]
[EventType "blitz"]

1. e4 e5 2. Nf3 d5 3. exd5 e4 4. Qe2 Qe7 5. Nd4 Nf6 6. c4 Nbd7 7. d3 Nc5 8.
dxe4 Ncxe4 9. Nd2 Nc5 10. Qxe7+ Bxe7 11. Be2 a6 12. O-O Bd6 13. b4 Nce4 14.
Nxe4 Nxe4 15. Bd3 Be5 16. Re1 f5 17. Bb2 O-O 18. f3 Bxd4+ 19. Bxd4 Nf6 20. Re7
Rf7 21. Rae1 Bd7 22. Bxf6 gxf6 23. c5 Kf8 24. Rxf7+ Kxf7 25. Kf2 Rd8 26. Bc4
Kf8 27. Kg3 Be8 28. Kf4 Bg6 29. h4 a5 30. bxa5 Ra8 31. d6 cxd6 32. cxd6 Rd8 33.
Re6 Kg7 34. Re7+ Kf8 35. Re6 Kg7 36. Bd5 Kh6 37. Rxf6 Kg7 38. Re6 Kh6 39. Bxb7
Re8 40. Rxe8 Bxe8 41. a6 Kg7 42. a7 Bf7 43. a8=Q Kf6 44. Qd8+ Ke6 45. Qe7# {
Normal} 1-0

[Event "Rated Blitz game"]
[Site "?"]
[Date "2021.11.13"]
[Round "?"]
[White "schoberstein"]
[Black "King_bg03"]
[Result "1-0"]
[WhiteElo "2868"]
[BlackElo "2746"]
[PlyCount "94"]
[EventDate "2021.??.??"]
[EventType "blitz"]

1. e4 e5 2. Nf3 d5 3. Nxe5 Bd6 4. d4 dxe4 5. Nc3 Bxe5 6. dxe5 Qxd1+ 7. Nxd1 Nc6
8. Bf4 Nge7 9. Bb5 Bd7 10. Nc3 Ng6 11. e6 Bxe6 12. Bxc7 f5 13. O-O-O O-O 14.
Bxc6 bxc6 15. h4 Rac8 16. Bd6 Rfd8 17. h5 Nf8 18. Ne2 Kf7 19. Nf4 Nd7 20. b3
Nf6 21. Bc5 Nd5 22. Nxd5 cxd5 23. Be3 a6 24. Kb2 Rc6 25. Rd4 Rdc8 26. Rc1 g6
27. hxg6+ hxg6 28. a4 Kg7 29. c3 Rb8 30. b4 Rb7 31. Rh1 Kf6 32. Rh8 Rc8 33.
Rxc8 Bxc8 34. Rxd5 Rd7 35. Rxd7 Bxd7 36. Kb3 Ke5 37. g3 Kf6 38. c4 Ke6 39. b5
axb5 40. axb5 Kd6 41. Kb4 Be6 42. Bf4+ Kd7 43. c5 Bd5 44. Kc3 Ba8 45. Kd4 Ke6
46. c6 Kf6 47. Kc5 g5 {Normal} 1-0

[Event "Rated Blitz game"]
[Site "?"]
[Date "2021.11.13"]
[Round "?"]
[White "Hietala85"]
[Black "Tintyn"]
[Result "0-1"]
[WhiteElo "2455"]
[BlackElo "2414"]
[PlyCount "104"]
[EventDate "2021.??.??"]
[EventType "blitz"]

1. e4 e5 2. Nf3 d5 3. Nxe5 Bd6 4. Nxf7 Kxf7 5. Qh5+ g6 6. Qxd5+ Kg7 7. Bc4 Qe7
8. O-O Nf6 9. Qd4 Qxe4 10. Qxe4 Nxe4 11. d3 Nf6 12. Nc3 Nc6 13. Bg5 Nd4 14.
Bxf6+ Kxf6 15. Ne4+ Kg7 16. c3 Nf5 17. g4 Nh4 18. Nxd6 cxd6 19. h3 Nf3+ 20. Kg2
Rf8 21. Rad1 Bd7 22. Kg3 Bc6 23. d4 Be4 24. Bd3 d5 25. c4 g5 26. cxd5 Bxd5 27.
Bf5 Nh4 28. b3 Nxf5+ 29. gxf5 Rxf5 30. f4 Rxf4 31. Rxf4 gxf4+ 32. Kxf4 Re8 33.
Rc1 Kf6 34. Rc7 Re7 35. Rc5 Re4+ 36. Kf3 Re5+ 37. Kf4 Rf5+ 38. Kg3 Bc6 39. Rc3
Ke6 40. Re3+ Kd5 41. Re7 h5 42. Kh4 Kxd4 43. Re2 Kc3 44. Rh2 a5 45. Re2 Kb4 46.
Rd2 Ka3 47. Rc2 Rf3 48. Kxh5 Rxh3+ 49. Kg4 Rf3 50. Rxc6 bxc6 51. Kxf3 Kxa2 52.
b4 axb4 {Normal} 0-1

[Event "Rated Blitz game"]
[Site "?"]
[Date "2021.11.13"]
[Round "?"]
[White "Maybach77"]
[Black "Konevoyazher"]
[Result "0-1"]
[WhiteElo "2462"]
[BlackElo "2353"]
[PlyCount "54"]
[EventDate "2021.??.??"]
[EventType "blitz"]

1. e4 e5 2. Nf3 d5 3. exd5 Bd6 4. d4 e4 5. Ne5 Nf6 6. Nc3 Nbd7 7. Bf4 Nb6 8.
Bb5+ Bd7 9. Nxd7 Nbxd7 10. Bxd6 cxd6 11. O-O O-O 12. Re1 Qe7 13. Bxd7 Qxd7 14.
Nxe4 Nxd5 15. c4 Nb6 16. b3 d5 17. Nc5 Qc6 18. Rc1 Rac8 19. Qf3 a6 20. h3 Rfd8
21. Re7 Qg6 22. Nxb7 Rd7 23. Rxd7 Nxd7 24. Qxd5 Nf6 25. Qf3 Ne4 26. Re1 Nd2 27.
Qc6 Qxc6 {Normal} 0-1

[Event "Rated Rapid tournament oa2euLZ3"]
[Site "?"]
[Date "2021.11.13"]
[Round "?"]
[White "PolinaK2009"]
[Black "malafatus"]
[Result "0-1"]
[WhiteElo "2514"]
[BlackElo "2210"]
[PlyCount "70"]
[EventDate "2021.??.??"]
[EventType "rapid"]

1. e4 e5 2. Nf3 d5 3. Nxe5 Bd6 4. d4 Qe7 5. Be2 dxe4 6. Nc4 Nf6 7. Bg5 Nc6 8.
c3 O-O 9. Nxd6 Qxd6 10. Nd2 Qe6 11. Bxf6 gxf6 12. Nc4 Ne7 13. Qd2 f5 14. g3 Qg6
15. Ne5 Qf6 16. f3 Qg7 17. O-O-O f6 18. Nc4 Be6 19. Kb1 Qf7 20. b3 exf3 21.
Bxf3 Bxc4 22. bxc4 Qxc4 23. Be2 Qd5 24. Rhf1 Qa5 25. Ka1 Rad8 26. Qb2 Kh8 27.
Bc4 Nc8 28. Bd3 Nd6 29. Rfe1 Rfe8 30. Rxe8+ Rxe8 31. c4 Re1 32. Rb1 Ne4 33. d5
Kg7 34. Qxb7 Nc3 35. Rxe1 Qxa2# {Normal} 0-1

[Event "Rated Blitz game"]
[Site "?"]
[Date "2021.11.13"]
[Round "?"]
[White "doreality"]
[Black "King_bg03"]
[Result "0-1"]
[WhiteElo "2810"]
[BlackElo "2741"]
[PlyCount "42"]
[EventDate "2021.??.??"]
[EventType "blitz"]

1. e4 e5 2. Nf3 d5 3. exd5 e4 4. Qe2 Qe7 5. Nd4 Nf6 6. Nc3 Nbd7 7. d3 exd3 8.
Qxe7+ Bxe7 9. Bxd3 Nb6 10. Ndb5 Nfxd5 11. Nxd5 Nxd5 12. Be4 c6 13. Bxd5 cxb5
14. Bf4 O-O 15. O-O-O Rd8 16. Rhe1 Kf8 17. Be5 Rd7 18. Be4 Rxd1+ 19. Rxd1 b4
20. f4 a5 21. h3 g6 {Time forfeit} 0-1

[Event "Rated Blitz game"]
[Site "?"]
[Date "2021.11.13"]
[Round "?"]
[White "Rzaevchess86"]
[Black "Benny_Watts_2005"]
[Result "0-1"]
[WhiteElo "2415"]
[BlackElo "2358"]
[PlyCount "100"]
[EventDate "2021.??.??"]
[EventType "blitz"]

1. e4 e5 2. Nf3 d5 3. exd5 e4 4. Qe2 Nf6 5. Nc3 Be7 6. Ne5 Nxd5 7. d4 exd3 8.
Qxd3 Nxc3 9. Qxc3 O-O 10. Be3 Bf6 11. Bf4 Re8 12. Rd1 Bxe5 13. Bxe5 Qe7 14. Be2
Nc6 15. O-O Qxe5 16. Qxe5 Rxe5 17. Bc4 Be6 18. Bxe6 Rxe6 19. Rfe1 Rxe1+ 20.
Rxe1 Rd8 21. Kf1 Kf8 22. Re2 Nd4 23. Rd2 Ke7 24. f3 Ne6 25. Rxd8 Kxd8 26. Ke2
Kd7 27. Ke3 c6 28. Ke4 f6 29. Kf5 Ke7 30. Ke4 Kd6 31. f4 b5 32. g4 a5 33. h4 c5
34. c3 b4 35. h5 g5 36. hxg6 hxg6 37. f5 gxf5+ 38. Kxf5 Ke7 39. Ke4 Nc7 40. Kd3
Kd6 41. Kc4 Kc6 42. Kd3 Kd5 43. b3 Ne6 44. cxb4 cxb4 45. Ke3 Ke5 46. Kf3 Nd4+
47. Kg3 Nb5 48. Kh4 Nc3 49. Kh5 Nxa2 50. Kg6 Nc1 {Normal} 0-1

[Event "Rated Blitz game"]
[Site "?"]
[Date "2021.11.13"]
[Round "?"]
[White "inflado"]
[Black "khalid_ontawar"]
[Result "0-1"]
[WhiteElo "2462"]
[BlackElo "2478"]
[PlyCount "110"]
[EventDate "2021.??.??"]
[EventType "blitz"]

1. e4 e5 2. Nf3 d5 3. exd5 e4 4. Qe2 Nf6 5. d3 Bf5 6. Nc3 Bb4 7. Bd2 Bxc3 8.
Bxc3 O-O 9. Ne5 exd3 10. cxd3 Qxd5 11. Qf3 Qe6 12. Be2 Nbd7 13. Nxd7 Nxd7 14.
O-O Rae8 15. Qg3 Bg6 16. Bf3 Qb6 17. h4 Nf6 18. h5 Bxh5 19. Bxf6 Qxf6 20. Bxh5
Qxb2 21. Qxc7 Rb8 22. Bxf7+ Kh8 23. Rab1 Qf6 24. Bd5 b5 25. Bf3 a5 26. Rfe1 b4
27. Qxa5 Qg6 28. Rxb4 Rbc8 29. Rg4 Qxd3 30. Qe5 Qd7 31. Rd1 Qf7 32. Rd2 Rce8
33. Qd4 Re1+ 34. Kh2 Qc7+ 35. g3 Qf7 36. Rf4 Qe8 37. Rxf8+ Qxf8 38. Kg2 Re8 39.
Qd6 Qf5 40. a4 Rf8 41. a5 Qxf3+ 42. Kh2 h6 43. a6 Qh5+ 44. Kg2 Rf6 45. Qd8+ Kh7
46. Qd3+ Qg6 47. a7 Qxd3 48. Rxd3 Ra6 49. Rd7 Ra5 50. f4 Ra4 51. g4 Ra2+ 52.
Kg3 Ra3+ 53. Kh4 Kg6 54. f5+ Kf6 55. Kh5 Rh3# {Normal} 0-1

[Event "Rated Blitz game"]
[Site "?"]
[Date "2021.11.13"]
[Round "?"]
[White "Impreg"]
[Black "King_bg03"]
[Result "1/2-1/2"]
[WhiteElo "2601"]
[BlackElo "2712"]
[PlyCount "35"]
[EventDate "2021.??.??"]
[EventType "blitz"]

1. e4 e5 2. Nf3 d5 3. d4 exd4 4. Qxd4 Nf6 5. exd5 Qxd5 6. Bc4 Qxd4 7. Nxd4 a6
8. O-O c5 9. Re1+ Be7 10. Nf3 b5 11. Bf1 Nc6 12. a4 bxa4 13. Nc3 O-O 14. Nxa4
Bf5 15. c3 Rfe8 16. Nb6 Ra7 17. Rxa6 Rxa6 18. Bxa6 {Normal} 1/2-1/2

[Event "Rated Blitz game"]
[Site "?"]
[Date "2021.11.13"]
[Round "?"]
[White "Serezha139"]
[Black "walodelpalo"]
[Result "1-0"]
[WhiteElo "2425"]
[BlackElo "2349"]
[PlyCount "57"]
[EventDate "2021.??.??"]
[EventType "blitz"]

1. e4 e5 2. Nf3 d5 3. Nxe5 Bd6 4. d4 dxe4 5. Nc4 Nf6 6. Nxd6+ Qxd6 7. Be2 O-O
8. O-O Nc6 9. Be3 Nd5 10. c4 Nxe3 11. fxe3 f5 12. Nc3 a6 13. c5 Qh6 14. d5
Qxe3+ 15. Kh1 Ne5 16. d6 cxd6 17. cxd6 Be6 18. Re1 Qf2 19. Rf1 Qh4 20. Qd4 Nc6
21. Qb6 Rf7 22. Rad1 Ne5 23. d7 Bxd7 24. Qxb7 Re8 25. Bc4 Nxc4 26. Rxd7 Nd6 27.
Qd5 Qf6 28. Rxf7 Nxf7 29. Rxf5 {Time forfeit} 1-0

[Event "Rated Blitz game"]
[Site "?"]
[Date "2021.11.13"]
[Round "?"]
[White "LaughingSnake"]
[Black "Porgy"]
[Result "1-0"]
[WhiteElo "2470"]
[BlackElo "2438"]
[PlyCount "65"]
[EventDate "2021.??.??"]
[EventType "blitz"]

1. e4 e5 2. Nf3 d5 3. exd5 e4 4. Qe2 Nf6 5. Nc3 Qe7 6. Ng5 Bf5 7. Qb5+ Nbd7 8.
Qxb7 Rb8 9. Qxc7 h6 10. Bb5 Rd8 11. Nh3 g5 12. O-O Bg7 13. d6 Qe5 14. d4 exd3
15. Bf4 gxf4 16. Rfe1 Ne4 17. Nxe4 O-O 18. Nc3 Qd4 19. Bxd3 Bxh3 20. gxh3 f3
21. Re4 Qf6 22. Nd5 Qxb2 23. Rae1 Ne5 24. Ne7+ Kh8 25. Nf5 Bf6 26. Nxh6 Rg8+
27. Ng4 Nxd3 28. cxd3 Bh4 29. Kh1 Bxf2 30. Qxf7 Rg5 31. Re8+ Rxe8 32. Rxe8+ Rg8
33. Rxg8# {Normal} 1-0

[Event "Rated Blitz game"]
[Site "?"]
[Date "2021.11.13"]
[Round "?"]
[White "VladislavKrasikov_FM"]
[Black "King_bg03"]
[Result "1-0"]
[WhiteElo "2651"]
[BlackElo "2708"]
[PlyCount "77"]
[EventDate "2021.??.??"]
[EventType "blitz"]

1. e4 e5 2. Nf3 d5 3. exd5 e4 4. Qe2 Nf6 5. Nc3 Be7 6. Nxe4 O-O 7. d3 Nxd5 8.
Qd1 f5 9. Nc3 Bb4 10. Bd2 Re8+ 11. Be2 Bxc3 12. bxc3 Qe7 13. c4 Nf6 14. Rb1 Nc6
15. Bc3 Nh5 16. Bd2 f4 17. Bc3 Bg4 18. Kf1 b6 19. h3 Bf5 20. Rb5 g6 21. Ne5
Nxe5 22. Rxe5 Qf7 23. Bf3 Rxe5 24. Bxe5 Re8 25. Bb2 Nf6 26. Qd2 g5 27. Qc3 Rf8
28. Kg1 h5 29. Qe5 Qg6 30. Qxc7 Rf7 31. Qb8+ Kh7 32. Qe5 Qg8 33. g4 Bg6 34. h4
hxg4 35. hxg5+ Nh5 36. Bxg4 Rf8 37. Bxh5 Qf7 38. Bxg6+ Kxg6 39. Rh6# {Normal}
1-0

[Event "Rated Blitz tournament wQZHBmb0"]
[Site "?"]
[Date "2021.11.13"]
[Round "?"]
[White "anton16072001"]
[Black "Shuhratullo"]
[Result "1-0"]
[WhiteElo "2499"]
[BlackElo "2363"]
[PlyCount "65"]
[EventDate "2021.??.??"]
[EventType "blitz"]

1. e4 e5 2. Nf3 d5 3. exd5 e4 4. Qe2 Nf6 5. Nc3 Bf5 6. d3 Bb4 7. Bd2 Bxc3 8.
Bxc3 O-O 9. Bxf6 exf3 10. Qxf3 Qxf6 11. O-O-O Nd7 12. c4 Qg5+ 13. Kb1 Bg4 14.
Qg3 Qh5 15. f3 Bf5 16. Qxc7 Rac8 17. Qxb7 Nc5 18. Qxa7 Qg6 19. Qa3 Rfe8 20. g4
Bxd3+ 21. Bxd3 Nxd3 22. Qxd3 Qb6 23. Rhe1 Rb8 24. b3 Qa5 25. Rxe8+ Rxe8 26. d6
g6 27. d7 Rd8 28. Qd4 Qc7 29. c5 Qc6 30. Qd5 Qc7 31. Qd6 Qb7 32. c6 Qb5 33. c7
{Normal} 1-0

[Event "Rated Blitz tournament YXwWdW1q"]
[Site "?"]
[Date "2021.11.13"]
[Round "?"]
[White "CATORCE"]
[Black "Razario90"]
[Result "0-1"]
[WhiteElo "2339"]
[BlackElo "2445"]
[PlyCount "56"]
[EventDate "2021.??.??"]
[EventType "blitz"]

1. e4 e5 2. Nf3 d5 3. d4 dxe4 4. Nxe5 Bd6 5. Nc4 Be7 6. Nc3 Nf6 7. Bg5 O-O 8.
Bxf6 Bxf6 9. Nxe4 Qxd4 10. Qxd4 Bxd4 11. O-O-O Nc6 12. c3 Re8 13. Bd3 Bf5 14.
Rhe1 Bxe4 15. Rxe4 Bxf2 16. Rxe8+ Rxe8 17. Rf1 Be3+ 18. Kc2 Bg5 19. Nd2 Bxd2
20. Kxd2 g6 21. Bc4 Ne5 22. Be2 Kg7 23. b3 c5 24. Bf3 Rd8+ 25. Kc2 b6 26. Bb7
Rd7 27. Ba6 Ng4 28. Rh1 Ne3+ {Normal} 0-1

[Event "Rated Blitz game"]
[Site "?"]
[Date "2021.11.13"]
[Round "?"]
[White "niwt_tnegrevid"]
[Black "Tintyn"]
[Result "1-0"]
[WhiteElo "2506"]
[BlackElo "2437"]
[PlyCount "97"]
[EventDate "2021.??.??"]
[EventType "blitz"]

1. e4 e5 2. Nf3 d5 3. Nxe5 Bd6 4. d4 dxe4 5. Bc4 Bxe5 6. Qh5 Qe7 7. Qxe5 Qxe5
8. dxe5 Nc6 9. Nc3 Nxe5 10. Bb3 Nf6 11. Bf4 Nc6 12. O-O-O O-O 13. h3 Bf5 14.
Rhe1 Rfc8 15. Nb5 Ne8 16. g4 a6 17. Nc3 Bg6 18. Nxe4 Na5 19. Nc5 Nxb3+ 20. axb3
b6 21. Nd3 f6 22. Nb4 Rd8 23. Nc6 Rxd1+ 24. Rxd1 Be4 25. Ne7+ Kf7 26. Nd5 Bxd5
27. Rxd5 Ke6 28. c4 c6 29. Rd3 b5 30. c5 Ra7 31. Re3+ Kf7 32. b4 Nc7 33. Bxc7
Rxc7 34. Kc2 Rd7 35. Kc3 Rd5 36. f4 g6 37. Rd3 Ke6 38. Re3+ Kf7 39. h4 h5 40.
g5 Rf5 41. Re4 fxg5 42. fxg5 Rf3+ 43. Kd4 Rb3 44. Ke5 Rd3 45. Rd4 Rxd4 46. Kxd4
Ke6 47. Ke4 Kd7 48. Ke5 Ke7 49. b3 {Time forfeit} 1-0